[Event "Fyli op 4th"]
[Site "Fyli"]
[Date "2012.05.12"]
[Round "5"]
[White "Kanavos, Georgios"]
[Black "Kioseoglou, Hristos"]
[Result "1-0"]
[WhiteElo "1445"]
[BlackElo "1245"]
[PlyCount "39"]
[EventDate "2012.03.24"]
[EventType "swiss"]
[EventRounds "7"]
[EventCountry "GRE"]
[SourceTitle "EXT 2013"]
[Source "ChessBase"]
[SourceDate "2012.11.22"]
[SourceVersion "1"]
[SourceVersionDate "2012.11.22"]
[SourceQuality "1"]

1. e4 e6 2. d4 d5 3. Nd2 Nf6 4. e5 Nfd7 5. Bd3 c5 6. c3 Nc6 7. Ne2 Be7 8. 0-0 0-0 9. Nf3 a6 10. Be3 c4 11. Bc2 b5 12. Qd2 Rb8 13. Bg5 Bxg5 14. Nxg5 h6 15. Nf3 b4 16. h4 f6 17. Nf4 f5 18. Nxe6 Qe7 19. Nxf8 Qxf8 20. Rad1 1-0

[Event "Fyli op 4th"]
[Site "Fyli"]
[Date "2012.03.24"]
[Round "1"]
[White "Kanavos, Georgios"]
[Black "Abelakiotis, Stavros"]
[Result "1-0"]
[WhiteElo "1445"]
[BlackElo "1000"]
[PlyCount "85"]
[EventDate "2012.03.24"]
[EventType "swiss"]
[EventRounds "7"]
[EventCountry "GRE"]
[SourceTitle "EXT 2013"]
[Source "ChessBase"]
[SourceDate "2012.11.22"]
[SourceVersion "1"]
[SourceVersionDate "2012.11.22"]
[SourceQuality "1"]

1. e4 e5 2. Nf3 Nc6 3. d4 exd4 4. Bc4 Nf6 5. 0-0 Be7 6. e5 Ng4 7. Re1 0-0 8. c3 dxc3 9. Nxc3 Bc5 10. Re2 d6 11. Bg5 Qd7 12. e6 Qe8 13. exf7+ Qxf7 14. Bxf7+ Kh8 15. Re8 Rxe8 16. Bxe8 Nxf2 17. Qd5 h6 18. Bxc6 bxc6 19. Qxc6 Rb8 20. Qxc7 Ne4+ 21. Kf1 Ba6+ 22. Ke1 Bf2+ 23. Kd1 Nxc3+ 24. bxc3 Rc8 25. Qxc8+ Bxc8 26. Be7 d5 27. Nd4 Bg4+ 28. Kd2 Bxd4 29. cxd4 Kg8 30. Rf1 Kh7 31. Bd6 g5 32. Rf7+ Kg6 33. Rxa7 Bf5 34. a4 Kh5 35. Ke3 Kg4 36. a5 h5 37. Rc7 h4 38. a6 Be4 39. Kf2 Kf5 40. a7 g4 41. a8Q Ke6 42. Be5 Bg6 43. Qc8# 1-0